Riešenie niektorých problémov rozvoja regiónov
Spoločné znaky ekonomickej analýzy Prešovského a Košického kraja. Problémové oblasti rozvoja týchto regiónov. Stratégia rozvoja a možnosti riešenia niektorých problémov v Prešovskom a Košickom samosprávnom kraji. Tvorba pracovných miest a znižovanie nezamestnanosti. Podpora rastu konkurencieschopnos...
Salvato in:
| Autore principale: | |
|---|---|
| Altri autori: | |
| Natura: | Capitolo di libro |
| Lingua: | slovacco |
| Soggetti: | |
| Tags: |
Nessun Tag, puoi essere il primo ad aggiungerne!!
|
MARC
| LEADER | 00000nla$a2200000$$$4500 | ||
|---|---|---|---|
| 001 | 0051292 | ||
| 005 | 20240502071610.2 | ||
| 041 | 0 | |a slo | |
| 044 | |a SK | ||
| 245 | 1 | 0 | |a Riešenie niektorých problémov rozvoja regiónov |c Monika Bačová, Rozália Pétrová |
| 520 | |a Spoločné znaky ekonomickej analýzy Prešovského a Košického kraja. Problémové oblasti rozvoja týchto regiónov. Stratégia rozvoja a možnosti riešenia niektorých problémov v Prešovskom a Košickom samosprávnom kraji. Tvorba pracovných miest a znižovanie nezamestnanosti. Podpora rastu konkurencieschopnosti produkcie. Rozvoj technickej a sociálnej infraštruktúry. Ochrana a skvalitňovanie životného prostredia. Rozvoj vidieka a poľnohospodárstva. | ||
| 610 | 2 | 0 | |a regióny |
| 610 | 2 | 0 | |a rozvoj regionálny |
| 610 | 2 | 0 | |a rast hospodársky |
| 610 | 2 | 0 | |a infraštruktúra technická |
| 610 | 2 | 0 | |a podnikanie |
| 610 | 2 | 0 | |a zamestnanosť |
| 610 | 2 | 0 | |a podmienky sociálne |
| 610 | 2 | 0 | |a prostredie životné |
| 610 | 2 | 0 | |a konkurencieschopnosť |
| 610 | 2 | 0 | |a poľnohospodárstvo |
| 100 | 1 | |a Bačová, Monika | |
| 700 | 1 | |a Pétrová, Rozália | |